| 000 | 01006cam a22003014a 4500 | ||
|---|---|---|---|
| 001 | 13452206 | ||
| 003 | OSt | ||
| 005 | 20140310182117.0 | ||
| 008 | 040108s2005 nyua j b 001 0 eng | ||
| 010 | _a 2004000295 | ||
| 020 | _a140420184X (lib. bdg.) | ||
| 040 |
_aDLC _cDLC _dDLC |
||
| 042 | _apcc | ||
| 050 | 0 | 0 |
_aGV 840.S8 _b.G73 2005 |
| 082 | 0 | 0 |
_aHS 797.32 _bG582 2005 |
| 100 | 1 |
_aGreen, Naima. _913770 |
|
| 245 | 1 | 0 |
_aSurfing : _brules, tips, strategy, and safety / _cNaima Green. |
| 250 | _a1st ed. | ||
| 260 |
_aNew York : _bRosen Central, _cc2005. |
||
| 300 |
_a48 p. : _bcol. ill. ; _c27 cm. |
||
| 440 | 0 |
_aSports from coast to coast _913082 |
|
| 650 | 0 |
_aSurfing _vJuvenile literature. _913771 |
|
| 856 | 4 | 1 |
_3Table of contents _uhttp://www.loc.gov/catdir/toc/ecip0413/2004000295.html |
| 906 |
_a7 _bcbc _corignew _d1 _eecip _f20 _gy-gencatlg |
||
| 942 |
_2lcc _cHS |
||
| 999 |
_c9476 _d9476 |
||